000 00328nam a22001457a 4500
008 230123b ||||| |||| 00| 0 eng d
020 _a9780817370084
041 _aeng
080 _2volume 21
_a7
082 _a7WAL
100 _a19
101 _aART
245 _aRITUAL RELIGION AND THEATRE
_cWALLACE B E
942 _2udc
_cBK
999 _c59251
_d59251